000 00586nam a2200181 i 4500
001 64283
003 ES-MaACL
005 20251011063109.0
007 t|
008 031223s1929 sp ||||1| spa d
100 1 _aFloriano, Antonio C.,
_d1892-1979
_951331
245 1 0 _aGuía histórico-artística de Cáceres /
_cpor Antonio C. Floriano.
260 _aCáceres :
_b[s.n.],
_c1929 (
_fTip. de García Floriano Cumbreño)
300 _a142 p., 40 lám ;
_c18 cm.
651 4 _aCáceres-
_vGuías turísticas.
_9146016
852 _aES-MaACL
_jB-3731
999 _c64283
_d64283